Sombra para la tierra : (Registro nro. 7920)

Detalles MARC
000 -CABECERA
Campo de control 01048nmm a22002777a 4500
005 - FECHA Y HORA DE LA ULTIMA TRANSACCION
Campo de control 20140422020003.0
008 - ELEMENTOS DE LONGITUD FIJA—INFORMACION GENERAL
Campo de control 131126b2011 ck ||||| |||| 00| 0 spa d
041 ## - IDIOMA
Código de idioma para texto/pista de sonido o título separado Español
044 ## - PAÍS DE PUBLICACIÓN
País de publicación Colombia
090 ## - CLASIFICACIÓN LOCAL
Colección LB
Consecutivo 05780
110 ## - ASIENTO PRINCIPAL--NOMBRE CORPORATIVO
Nombre corporativo o de jurisdicción como elemento de entrada Ministerio de Ambiente, Vivienda y desarrollo territoorial
245 ## - MENCION DE TITULO
Título Sombra para la tierra :
Parte restante del título Proyecto capacidad técnica para apoyar REDD en Colombia
260 ## - PUBLICACION, DISTRIBUCION, ETC. (PIE DE IMPRENTA)
Lugar de publicación, distribución, etc. Bogotá
Nombre del editor, distribuidor, etc. IDEAM
-- Gordon and betty MOORE fundation
-- Fundación NATURA Colombia
Fecha de publicación, distribución, etc. 2011
300 ## - DESCRIPCION FISICA
Extensión 3 cd.
Dimensiones 13 cm
650 ## - ASIENTO SECUNDARIO DE MATERIA - TERMINO TEMATICO
Término temático o nombre geográfico como elemento de entrada reservas
Subdivisión de forma Forestal
Subdivisión geográfica Colombia
650 ## - ASIENTO SECUNDARIO DE MATERIA - TERMINO TEMATICO
Término temático o nombre geográfico como elemento de entrada Carbono
Subdivisión de forma Colombia
Subdivisión geográfica Colombia
650 ## - ASIENTO SECUNDARIO DE MATERIA - TERMINO TEMATICO
Término temático o nombre geográfico como elemento de entrada Madera muerta :
Subdivisión de forma Bosques naturales
Subdivisión geográfica Colombia
650 ## - ASIENTO SECUNDARIO DE MATERIA - TERMINO TEMATICO
Término temático o nombre geográfico como elemento de entrada Bosques
650 ## - ASIENTO SECUNDARIO DE MATERIA - TERMINO TEMATICO
Término temático o nombre geográfico como elemento de entrada Protocolo
650 ## - ASIENTO SECUNDARIO DE MATERIA - TERMINO TEMATICO
Término temático o nombre geográfico como elemento de entrada Cuantificación
Subdivisión de forma Deforestación
Subdivisión geográfica Colombia
650 ## - ASIENTO SECUNDARIO DE MATERIA - TERMINO TEMATICO
Término temático o nombre geográfico como elemento de entrada Procesamiento digital
Subdivisión de forma Imágenes
Subdivisión general Forestación
710 ## - ASIENTO SECUNDARIO - NOMBRE CORPORATIVO
Nombre corporativo o de jurisdicción como elemento de entrada IDEAM
710 ## - ASIENTO SECUNDARIO - NOMBRE CORPORATIVO
Nombre corporativo o de jurisdicción como elemento de entrada GORDON AND BETTY MOORE FOUNDATION
710 ## - ASIENTO SECUNDARIO - NOMBRE CORPORATIVO
Nombre corporativo o de jurisdicción como elemento de entrada Fundación NATURA Colombia
942 ## - ELEMENTOS ADICIONALES (KOHA)
Sistema de clasificación Local
Tipo de ítem CD-ROM
Koha issues (borrowed), all copies 3
Existencias
Withdrawn status Lost status Sistema de Clasificación Damaged status No para préstamo Colección Ubicación Permanente Ubicación actual Fecha de adquisición Total Checkouts Número topográfico Inventario / Código de Barras Date last seen Date checked out Ejemplar Price effective from Forma de adquisición Tipo de material Public note
    Local     Audiovisual Bogotá Bogotá 26/11/2013 1 LB-05780 058824 21/04/2014 21/04/2014 V. 1 Ej. 1 26/11/2013   CD-ROM Selección y validación de modelos para la estimacíon de la biomasa aérea en los bosques naturales de Colombia Estimación de las reservas actuales de carbono almacenadas en la biomasa aérea en bosques naturales de Colombia. Madera muerta : -- Un reservorio de carbono en bosques naturales de Colombia. Protocolo para la estimación nacional y subnacional de biomasa- carbono en Colombia
    Local     Audiovisual Bogotá Bogotá 26/11/2013 1 LB-05780 058825 21/04/2014 21/04/2014 V. 2 Ej. 1 26/11/2013   CD-ROM Cuantificación de la deforestación para colombia Protocolo nacional y subnacional de procesamiento digital de imágenes para monitorear deforestación
    Local     Audiovisual Bogotá Bogotá 26/11/2013 1 LB-05780 058826 21/04/2014 21/04/2014 V. 3 Ej. 1 26/11/2013   CD-ROM Anexos cartográficos